000 00941nam a22002777a 4500
003 DO-SdBNP
005 20240314073720.0
007 ta
008 220607b2022 dr a|||| |||| 00| 0 spa d
020 _a9789945931167
040 _aDO-SdBNP
_bspa
_cBNPHU
082 4 _a923.27293
_bD812t, 2022
_222
100 1 _aTroncoso Sánchez, Pedro,
_d1904-1989
_923599
245 1 0 _aEpisodios duartianos /
_cPedro Troncoso Sánchez ; ilustraciones Gonzalo Briones.
250 _a7a. ed.
260 _aSanto Domingo :
_bInstituto Duartiano,
_c2022.
300 _a326 p. :
_bil. ;
_c22 cm.
490 1 _aDuartiana
_v2
590 _aInventariado, 2022/BT
600 1 0 _aDuarte, Juan Pablo,
_d1813-1876
_91494
651 4 _aRepública Dominicana
_xHistoria
_yOcupacón Haitiana, 1822-1844
_981839
700 1 _aBriones, Gonzalo,
_eil.
_973530
830 0 _aDuartiana
_v2
_964464
910 _aBtavárez/Validado. Control de calidad MFF
942 _2ddc
_cLBS1
999 _c44969
_d44969